000 00642cam a22002291 4500
001 f 01002722
003 DLC
005 20260227111244.0
008 750814s1900 fr 000 1 fre
010 _af 01002722
035 _a(OCoLC)1544855
040 _aDLC
_cFM
_dOCoLC
_dDLC
042 _apremarc
050 0 0 _aPQ2383.P6
_bF6 1900
100 1 _aPrévost, Marcel,
_d1862-1941.
245 1 0 _aFrédérique.
260 _aParis :
_bA. Lemerre,
_c1900.
300 _a2 p. l., 493 p., 1 l. ;
_c19 cm.
490 1 _aHis Les vierges fortes
500 _aOn cover: 65. éd.
800 1 _aPrévost, Marcel,
_d1862-1941.
_tLes vierges fortes.
999 _c22915
_d22915